000 00921nmm a2200289 a 4500
001 ocm0002347580
003 TR-IsHL
005 20201028185618.0
008 190823s2018 tu tur
007 cr cn
020 _a9786059821360
035 _a2347580
_b(N$T)
050 0 4 _aPL248.S855
_bE7 2018
090 0 4 _aPL248.S855
_bE7 2018
100 1 _aSummak, Emine Özel
245 1 0 _aEjderha Büyücüsü
_h[electronic resource] /
_cEmine Özel Summak ; editör Buse Güler
250 _a1.Baskı
260 _aİstanbul :
_bMendirek Yayınları,
_c2018
300 _a186 p.
650 4 _aDil ve Edebiyat
650 4 _aLanguage and Literature
650 0 _aTürk romanı
650 0 _aTurkish fiction
650 7 _aLITERARY COLLECTIONS / Middle Eastern
_2bisacsh
700 1 _aGüler, Buse
856 4 0 _uhttp://search.ebscohost.com/login.aspx?direct=true&scope=site&db=e011xww&AN=2347580
999 _c21541
_d21541